Analysis Of Mod Fy 2013 Approved Budget And Its Implications For Planned Programmes And Activities Presentation To The Parliamentary Select Committee On Defence And Interior. (Record no. 4642)
[ view plain ]
| 000 -LEADER | |
|---|---|
| fixed length control field | 00657nam a22001697a 4500 |
| 003 - CONTROL NUMBER IDENTIFIER | |
| control field | OSt |
| 005 - DATE AND TIME OF LATEST TRANSACTION | |
| control field | 20241022112631.0 |
| 008 - FIXED-LENGTH DATA ELEMENTS--GENERAL INFORMATION | |
| fixed length control field | 241021b |||||||| |||| 00| 0 eng d |
| 041 ## - LANGUAGE CODE | |
| Language code of original | English |
| 082 ## - DEWEY DECIMAL CLASSIFICATION NUMBER | |
| Classification number | CR/CDI/13 Acc no. 10,105 |
| 110 ## - MAIN ENTRY--CORPORATE NAME | |
| Corporate name or jurisdiction name as entry element | Ministry of Defence |
| 245 ## - TITLE STATEMENT | |
| Title | Analysis Of Mod Fy 2013 Approved Budget And Its Implications For Planned Programmes And Activities Presentation To The Parliamentary Select Committee On Defence And Interior. |
| 260 ## - PUBLICATION, DISTRIBUTION, ETC. | |
| Place of publication, distribution, etc. | Accra |
| Date of publication, distribution, etc. | March ,2013 |
| Name of publisher, distributor, etc. | Ministry Of Defence |
| 300 ## - PHYSICAL DESCRIPTION | |
| Extent | 7p., tabs.; |
| 650 ## - SUBJECT ADDED ENTRY--TOPICAL TERM | |
| Source of heading or term | Analysis Of Mod Fy 2013 Approved Budget And Its Implications For Planned Programmes. |
| 942 ## - ADDED ENTRY ELEMENTS (KOHA) | |
| Source of classification or shelving scheme | Dewey Decimal Classification |
| Koha item type | Budget Performance Report |
| Suppress in OPAC | No |
| Withdrawn status | Lost status | Source of classification or shelving scheme | Damaged status | Not for loan | Home library | Current library | Shelving location | Date acquired | Total checkouts | Full call number | Date last seen | Copy number | Price effective from | Koha item type |
|---|---|---|---|---|---|---|---|---|---|---|---|---|---|---|
| Dewey Decimal Classification | Main Library | Main Library | Open Shelves | 21/10/2024 | CR/CDI/13 Acc no. 10,105 C1 | 21/10/2024 | 1 | 21/10/2024 | Reports |